00891nam a22002417a 45000010005000000030006000050050017000110080041000280200018000690400029000870500013001160820008001291000022001372450100001592600051002593000061003105050008003715200158003795210029005375210020005666500035005867000028006214805FISKH20251126120221.0241014b cb ||||| |||| 00| 0 eng d a9780395185575 aFISKHbengcFISKHdFISKH aPZ7.H488 a813 aHeyward, Du Bose aThe Country Bunny and the Little Gold Shoes / cBy Du Rose Heyward : picture by Marjorie Flack  aBoston : bHoughton Mifflin Company ;c1939 .  a46 unnumbered pages : bcolor illustrations ; c26 cm .  aK  aTo the surprise of many, the little country cottontail becomes one of the special Easter bunnies even though she has twenty-one children of her very own.8 a510 bLexile estimate 8 aK bRaz-plus  abunniesvchildren's literature aFlack ,Marjorieeartust